Lock up and go (Record no. 70730)
[ view plain ]
| 000 -LEADER | |
|---|---|
| fixed length control field | 01408cam a2200241 4500 |
| 001 - CONTROL NUMBER | |
| control field | ABS65768 |
| 008 - FIXED-LENGTH DATA ELEMENTS--GENERAL INFORMATION | |
| fixed length control field | 020715n2002 000 0 eng u |
| 035 ## - SYSTEM CONTROL NUMBER | |
| System control number | (Sirsi) u118819 |
| 100 ## - MAIN ENTRY--PERSONAL NAME | |
| Personal name | Heighton, M |
| 245 ## - TITLE STATEMENT | |
| Title | Lock up and go |
| 260 ## - PUBLICATION, DISTRIBUTION, ETC. | |
| Date of publication, distribution, etc. | 2002 |
| 490 ## - SERIES STATEMENT | |
| Series statement | Estates Gazette |
| Volume/sequential designation | (0225) 22 June 2002, 146-147(2) |
| 520 ## - SUMMARY, ETC. | |
| Summary, etc. | Examines lock-out agreements in the context of an investor looking to sell a prime investment, and addresses issues that the seller should consider when entering into such an agreement. Discusses the nature of the seller's obligations and explains that by entering into an agreement the seller is not committing to the proposed sale but is prevented from selling the property to a third party during the lock-out period. Advises that sellers should be wary of agreements that are not in a formal written form and suggests that an effective lock-out agreement should include the payment of a non-refundable deposit and clearly set out the length of the lock-out period. Also considers the type of obligations that the seller should impose on the buyer and explains what happens if the seller is in breach of the lock-out agreement. |
| 590 ## - LOCAL NOTE (RLIN) | |
| Local note | ABS |
| 650 ## - SUBJECT ADDED ENTRY--TOPICAL TERM | |
| Topical term or geographic name entry element | LOCK OUT AGREEMENTS |
| 650 ## - SUBJECT ADDED ENTRY--TOPICAL TERM | |
| Topical term or geographic name entry element | INVESTMENT |
| 650 ## - SUBJECT ADDED ENTRY--TOPICAL TERM | |
| Topical term or geographic name entry element | BUYERS |
| 650 ## - SUBJECT ADDED ENTRY--TOPICAL TERM | |
| Topical term or geographic name entry element | SELLERS |
| 650 ## - SUBJECT ADDED ENTRY--TOPICAL TERM | |
| Topical term or geographic name entry element | DEPOSITS |
| 650 ## - SUBJECT ADDED ENTRY--TOPICAL TERM | |
| Topical term or geographic name entry element | OBLIGATIONS |
| 690 ## - LOCAL SUBJECT ADDED ENTRY--TOPICAL TERM (OCLC, RLIN) | |
| Topical term or geographic name as entry element | PROPERTY AND LAND LAW-CONVEYANCING |
| 942 ## - ADDED ENTRY ELEMENTS (KOHA) | |
| Suppress in OPAC | 0 |
| Withdrawn status | Lost status | Source of classification or shelving scheme | Damaged status | Not for loan | Home library | Current library | Shelving location | Date acquired | Total Checkouts | Full call number | Barcode | Date last seen | Copy number | Price effective from | Koha item type |
|---|---|---|---|---|---|---|---|---|---|---|---|---|---|---|---|
| Dewey Decimal Classification | London | London | Journal article | 15/07/2002 | ABS65768 | 118819-1001 | 06/08/2019 | 1 | 06/08/2019 | Journal article |